[Event "CYCC U14 w"]
[Site "Regina CAN"]
[Date "2019.07.10"]
[Round "7.65"]
[White "Shan, Lyvia"]
[Black "Wu, Ingrid"]
[Result "0-1"]
[WhiteElo "953"]
[BlackElo "1307"]
[PlyCount "176"]
[EventDate "2019.07.07"]
[EventType "swiss"]
[EventRounds "7"]
[EventCountry "CAN"]

1. e4 c5 2. c4 Nc6 3. Nf3 d6 4. d4 cxd4 5. Nxd4 Nf6 6. Nc3 e6 7. Nf3 Be7 8. Be2
a6 9. O-O O-O 10. a3 b6 11. Re1 Bb7 12. Bf1 Rc8 13. e5 dxe5 14. Qxd8 Rfxd8 15.
Nxe5 Nd4 16. Rd1 Nb3 17. Rxd8+ Rxd8 18. Rb1 Nxc1 19. Rxc1 Bd6 20. Rd1 Kf8 21.
b4 Ke7 22. Nd3 Rc8 23. Na4 Nd7 24. Rc1 Bb8 25. c5 bxc5 26. bxc5 Ba7 27. g3 Nb8
28. Bg2 Bc6 29. Nb4 Bxa4 30. c6 Bxc6 31. Bxc6 Nxc6 32. Nxa6 Kd7 33. a4 Nb8 34.
Rd1+ Ke7 35. Nxb8 Rxb8 36. a5 Rb2 37. Re1 Rb7 38. a6 Rd7 39. Kf1 Kd8 40. Ke2
Rd6 41. Ra1 Kc7 42. Ra4 f6 43. f4 g6 44. h3 h6 45. h4 Kb6 46. Ra3 Rd5 47. Kf3
Ra5 48. Rd3 Rxa6 49. g4 Kc7 50. Kg3 Bc5 51. Rd1 Ra3+ 52. Kg2 Bd6 53. Rc1+ Kd7
54. Rc4 Rb3 55. Ra4 Bc7 56. Rd4+ Ke7 57. Rc4 Rb7 58. Kf3 Bd6 59. Ra4 Kf7 60.
Ra5 Rb3+ 61. Kg2 Bxf4 62. Ra7+ Kf8 63. Ra8+ Rb8 64. Ra6 Re8 65. Kf3 Be5 66. Ra5
Bc7 67. Rc5 Bd8 68. Kg3 Kf7 69. Kh3 f5 70. gxf5 gxf5 71. Rc3 Rg8 72. Rf3 Kf6
73. Rf4 e5 74. Rf1 f4 75. Rf2 Kf5 76. Re2 f3 77. Rd2 Kf4 78. Rd3 Rg3+ 79. Kh2
Bxh4 80. Rd2 Rg2+ 81. Rxg2 fxg2 82. Kxg2 e4 83. Kf1 Kf3 84. Kg1 e3 85. Kh2 e2
86. Kh3 e1=Q 87. Kh2 Qg3+ 88. Kh1 Qg2# 0-1

[Event "CYCC U14 w"]
[Site "Regina CAN"]
[Date "2019.07.10"]
[Round "7.66"]
[White "Myrzaibraimova, Aibike"]
[Black "Johnson, Katelyn"]
[Result "1-0"]
[WhiteElo "1581"]
[BlackElo "526"]
[PlyCount "81"]
[EventDate "2019.07.07"]
[EventType "swiss"]
[EventRounds "7"]
[EventCountry "CAN"]

1. e4 e5 2. Nf3 Nc6 3. Bc4 Bc5 4. b4 b5 5. Bxb5 Bxb4 6. c3 a6 7. Bxc6 dxc6 8.
cxb4 Nf6 9. Nc3 O-O 10. d3 h6 11. Nxe5 Be6 12. O-O Qd4 13. Bf4 Qxc3 14. a3 Qd4
15. Nxc6 Qd7 16. Rc1 Kh8 17. Na5 Rfc8 18. h3 Ne8 19. Re1 Qd8 20. Re3 h5 21.
Qxh5+ Kg8 22. Rg3 Qe7 23. Nc6 Qd7 24. Bh6 a5 25. Qe5 f6 26. Qc3 Ra6 27. Nd4 Kh8
28. Nxe6 Qxe6 29. Qd2 Qd7 30. Bf4 c6 31. Re1 Ra7 32. bxa5 Kg8 33. e5 fxe5 34.
Bxe5 c5 35. Re4 Rc6 36. Qa2+ Kf8 37. Rf4+ Ke7 38. Rxg7+ Kd8 39. Rxd7+ Rxd7 40.
Qb3 Kc8 41. Qb8# 1-0

[Event "CYCC U16"]
[Site "Regina CAN"]
[Date "2019.07.07"]
[Round "1.121"]
[White "Wang, Elon"]
[Black "Talukdar, Rohan"]
[Result "0-1"]
[WhiteElo "1703"]
[BlackElo "2454"]
[PlyCount "50"]
[EventDate "2019.07.07"]
[EventType "swiss"]
[EventRounds "7"]
[EventCountry "CAN"]

1. e4 g6 2. d4 Bg7 3. Nc3 c6 4. f4 d5 5. e5 Nh6 6. Nf3 O-O 7. Bd3 f6 8. O-O Bf5
9. Bxf5 Nxf5 10. Qe1 fxe5 11. fxe5 e6 12. Ne2 Nd7 13. Qb4 Qc7 14. Nf4 Rfe8 15.
Ng5 Nf8 16. g4 c5 17. dxc5 Nh6 18. Nd3 Nd7 19. Nf3 Nf7 20. Bf4 Rac8 21. c3 Nxc5
22. Nxc5 Qxc5+ 23. Qxc5 Rxc5 24. Kf2 Rc4 25. Rfe1 Rxf4 0-1

[Event "CYCC U16"]
[Site "Regina CAN"]
[Date "2019.07.07"]
[Round "1.122"]
[White "Surya, Benito"]
[Black "Mirabelli, Aidan"]
[Result "1-0"]
[WhiteElo "2110"]
[BlackElo "1663"]
[PlyCount "42"]
[EventDate "2019.07.07"]
[EventType "swiss"]
[EventRounds "7"]
[EventCountry "CAN"]

1. e4 c5 2. Nf3 Nf6 3. Nc3 d6 4. d4 cxd4 5. Nxd4 Nc6 6. Bg5 e6 7. Be2 Be7 8.
O-O O-O 9. Be3 Bd7 10. Qd2 a6 11. f4 Qc7 12. Nxe6 Bxe6 13. Bf3 Rfd8 14. Qf2 Nd7
15. Qg3 b5 16. a3 Nb6 17. Bd4 f6 18. Bg4 Kf7 19. Qh3 Bd7 20. Qxh7 Bf8 21. f5
Nxd4 1-0

[Event "CYCC U16"]
[Site "Regina CAN"]
[Date "2019.07.07"]
[Round "1.123"]
[White "Chen, Jeffrey"]
[Black "Vasic, Maxim"]
[Result "0-1"]
[WhiteElo "1603"]
[BlackElo "2086"]
[PlyCount "48"]
[EventDate "2019.07.07"]
[EventType "swiss"]
[EventRounds "7"]
[EventCountry "CAN"]

1. e4 e5 2. Nf3 Nc6 3. Bb5 a6 4. Ba4 Nf6 5. Qe2 Bc5 6. c3 b5 7. Bb3 O-O 8. O-O
Re8 9. d3 h6 10. Nbd2 d6 11. h3 Nh5 12. d4 Nf4 13. Qd1 Bb6 14. Bd5 Bd7 15. Nb3
Qf6 16. Be3 Rad8 17. dxe5 dxe5 18. Bxb6 cxb6 19. Ne1 Be6 20. Qf3 Rxd5 21. exd5
Bxd5 22. Qe3 Qg6 23. g4 h5 24. Qg3 Ne2+ 0-1

[Event "CYCC U16"]
[Site "Regina CAN"]
[Date "2019.07.07"]
[Round "1.124"]
[White "Lin, Benjamin"]
[Black "Marshall, Carter"]
[Result "1-0"]
[WhiteElo "2053"]
[BlackElo "1561"]
[PlyCount "71"]
[EventDate "2019.07.07"]
[EventType "swiss"]
[EventRounds "7"]
[EventCountry "CAN"]

1. d4 Nf6 2. c4 c5 3. e3 cxd4 4. exd4 d6 5. Nf3 g6 6. b3 Ne4 7. Nbd2 Nxd2 8.
Qxd2 Bg7 9. Bb2 Nc6 10. d5 Ne5 11. Nxe5 dxe5 12. Be2 O-O 13. O-O Bf5 14. Bf3
Qd6 15. Rfe1 e6 16. Qe2 exd5 17. Bxd5 Rfe8 18. Bxb7 Rab8 19. Rad1 Qe7 20. Bc6
Red8 21. Bd5 e4 22. Bxg7 Kxg7 23. Rc1 Qe5 24. Bxe4 Re8 25. Bf3 Qf4 26. Qb2+ Re5
27. Qxe5+ Qxe5 28. Rxe5 Rd8 29. Rd5 Re8 30. c5 Rc8 31. c6 Be6 32. Ra5 Rc7 33.
Rb5 Bc8 34. h3 h5 35. Rd1 Ba6 36. Rb7 1-0

[Event "CYCC U16"]
[Site "Regina CAN"]
[Date "2019.07.07"]
[Round "1.125"]
[White "Bilodeau-Savaria, Carl-William"]
[Black "Wei, Daniel"]
[Result "0-1"]
[WhiteElo "1366"]
[BlackElo "2015"]
[PlyCount "56"]
[EventDate "2019.07.07"]
[EventType "swiss"]
[EventRounds "7"]
[EventCountry "CAN"]

1. d4 d5 2. c4 e6 3. Nc3 c6 4. Nf3 Nf6 5. e3 Nbd7 6. Bd3 dxc4 7. Bxc4 b5 8. Bd3
Bb7 9. a4 a6 10. axb5 cxb5 11. Bd2 Bd6 12. e4 b4 13. e5 bxc3 14. Bxc3 Be7 15.
exf6 Nxf6 16. Qa4+ Qd7 17. Ne5 Qxa4 18. Rxa4 O-O 19. O-O Nd5 20. Rfa1 f6 21.
Nd7 Rfd8 22. Nc5 Bxc5 23. Bxa6 Nxc3 24. bxc3 Rxa6 25. Rxa6 Bxa6 26. Rxa6 e5 27.
Ra5 Bb6 28. Rb5 exd4 0-1

[Event "CYCC U16"]
[Site "Regina CAN"]
[Date "2019.07.07"]
[Round "1.126"]
[White "Bu, Kevin (Yihuan)"]
[Black "Marais, Francois Guillaume"]
[Result "1-0"]
[WhiteElo "1983"]
[BlackElo "1357"]
[PlyCount "47"]
[EventDate "2019.07.07"]
[EventType "swiss"]
[EventRounds "7"]
[EventCountry "CAN"]

1. d4 d5 2. Bf4 Nf6 3. e3 e6 4. Nf3 Bd6 5. Nbd2 O-O 6. Bd3 b6 7. O-O Bxf4 8.
exf4 c5 9. c3 Nc6 10. Ne5 Bb7 11. Ndf3 cxd4 12. Nxc6 Bxc6 13. Nxd4 Bb7 14. Re1
Re8 15. Bb5 Re7 16. Re3 Qc7 17. Qf3 Ne4 18. Rae1 Nd6 19. Bd3 Rae8 20. Qh5 g6
21. Qh4 Nc4 22. Bxc4 dxc4 23. Nf5 gxf5 24. Rg3+ 1-0

[Event "CYCC U16"]
[Site "Regina CAN"]
[Date "2019.07.07"]
[Round "1.127"]
[White "Cheng, Richard"]
[Black "Chen, Andrew"]
[Result "1-0"]
[WhiteElo "1086"]
[BlackElo "1915"]
[PlyCount "83"]
[EventDate "2019.07.07"]
[EventType "swiss"]
[EventRounds "7"]
[EventCountry "CAN"]

1. e4 e5 2. Nf3 Nc6 3. Bb5 a6 4. Ba4 Nf6 5. O-O Be7 6. Re1 b5 7. Bb3 d6 8. c3
O-O 9. h3 Nb8 10. d4 Nbd7 11. a4 Bb7 12. Nbd2 c5 13. Bc2 Qb6 14. Nf1 Rfc8 15.
g4 cxd4 16. cxd4 exd4 17. g5 d3 18. Bxd3 Ne8 19. Be3 Qd8 20. Ng3 bxa4 21. Rxa4
Nc5 22. Bxc5 Rxc5 23. h4 a5 24. Nd4 Qb6 25. Bc4 Qxb2 26. Qf3 d5 27. Bxd5 Bxd5
28. exd5 Rc3 29. Qe4 Bb4 30. d6 Nxd6 31. Qxa8+ Rc8 32. Rxb4 Qxb4 33. Qxc8+ Nxc8
34. Re8+ Qf8 35. Rxf8+ Kxf8 36. Ne4 a4 37. Nc3 Nb6 38. Ndb5 Ke7 39. Kg2 Ke6 40.
f4 h5 41. Kf3 f6 42. Ke4 {time} 1-0

[Event "CYCC U16"]
[Site "Regina CAN"]
[Date "2019.07.07"]
[Round "2.121"]
[White "Talukdar, Rohan"]
[Black "Bu, Kevin (Yihuan)"]
[Result "1-0"]
[WhiteElo "2454"]
[BlackElo "1983"]
[PlyCount "69"]
[EventDate "2019.07.07"]
[EventType "swiss"]
[EventRounds "7"]
[EventCountry "CAN"]

1. e4 Nf6 2. e5 Nd5 3. d4 d6 4. c4 Nb6 5. exd6 exd6 6. Nc3 Be7 7. Bd3 O-O 8.
Nge2 Nc6 9. O-O Re8 10. Be3 Nb4 11. b3 Nxd3 12. Qxd3 Bg4 13. d5 Bf6 14. Ng3 Nc8
15. f4 Ne7 16. Bd2 Qc8 17. Nge4 Bxc3 18. Bxc3 Ng6 19. Ng3 Bd7 20. Nh5 f6 21. f5
Ne5 22. Qg3 Re7 23. Nxf6+ Kh8 24. Nxd7 Qxd7 25. Rae1 Rae8 26. Re4 c6 27. dxc6
Qxc6 28. Rh4 Rf7 29. Qh3 h6 30. f6 Rxf6 31. Rxf6 gxf6 32. Rxh6+ Kg7 33. Rh7+
Kg8 34. Qh6 Qc5+ 35. Kh1 1-0

[Event "CYCC U16"]
[Site "Regina CAN"]
[Date "2019.07.07"]
[Round "2.122"]
[White "Wei, Daniel"]
[Black "Surya, Benito"]
[Result "1/2-1/2"]
[WhiteElo "2015"]
[BlackElo "2110"]
[PlyCount "41"]
[EventDate "2019.07.07"]
[EventType "swiss"]
[EventRounds "7"]
[EventCountry "CAN"]

1. e4 d5 2. exd5 Qxd5 3. Nc3 Qa5 4. d4 Nf6 5. Nf3 Bg4 6. Be2 Nc6 7. Bd2 Qf5 8.
Nh4 Bxe2 9. Nxe2 Qg4 10. Nf3 Qxg2 11. Ng3 Ne4 12. Be3 Nxg3 13. Rg1 Qh3 14. Rxg3
Qf5 15. c3 O-O-O 16. Ng5 Qd5 17. Qf3 f6 18. Qxd5 Rxd5 19. Nf7 Rg8 20. Nh6 Rh8
21. Nf7 1/2-1/2

[Event "CYCC U16"]
[Site "Regina CAN"]
[Date "2019.07.07"]
[Round "2.123"]
[White "Vasic, Maxim"]
[Black "Cheng, Richard"]
[Result "1-0"]
[WhiteElo "2086"]
[BlackElo "1086"]
[PlyCount "49"]
[EventDate "2019.07.07"]
[EventType "swiss"]
[EventRounds "7"]
[EventCountry "CAN"]

1. d4 Nf6 2. c4 e6 3. Nc3 Bb4 4. f3 c5 5. d5 exd5 6. cxd5 d6 7. e4 O-O 8. Bd3
Re8 9. Nge2 Nbd7 10. O-O Ne5 11. Bc2 b6 12. Bg5 Ba6 13. Qe1 h6 14. Bh4 Nc4 15.
Bd3 Qc8 16. Bxf6 gxf6 17. Qh4 Ne3 18. Bxa6 Qxa6 19. Nf4 Re5 20. Rf2 f5 21. Qxh6
fxe4 22. Nxe4 f5 23. Nf6+ Kf7 24. Qg6+ Ke7 25. Qg7+ 1-0

[Event "CYCC U16"]
[Site "Regina CAN"]
[Date "2019.07.07"]
[Round "2.124"]
[White "Li, Mengyang"]
[Black "Lin, Benjamin"]
[Result "0-1"]
[WhiteElo "896"]
[BlackElo "2053"]
[PlyCount "42"]
[EventDate "2019.07.07"]
[EventType "swiss"]
[EventRounds "7"]
[EventCountry "CAN"]

1. e4 c5 2. Nf3 e6 3. Nc3 a6 4. d4 cxd4 5. Nxd4 Qc7 6. Bd3 Nc6 7. Nf3 Nf6 8.
Be3 Be7 9. O-O O-O 10. Qd2 b5 11. Ne2 Bb7 12. a3 d5 13. exd5 Nxd5 14. Nc3 Nxc3
15. Qxc3 Bf6 16. Bd4 e5 17. Nxe5 Bxe5 18. Bxe5 Qxe5 19. Qb3 Nd4 20. Rae1 Nf3+
21. Kh1 Qxh2# 0-1

[Event "CYCC U16"]
[Site "Regina CAN"]
[Date "2019.07.07"]
[Round "2.125"]
[White "Chen, Andrew"]
[Black "Chen, Jeffrey"]
[Result "1-0"]
[WhiteElo "1915"]
[BlackElo "1603"]
[PlyCount "63"]
[EventDate "2019.07.07"]
[EventType "swiss"]
[EventRounds "7"]
[EventCountry "CAN"]

1. e4 c5 2. Nc3 Nc6 3. g3 g6 4. Bg2 Bg7 5. d3 d6 6. Be3 Nf6 7. h3 O-O 8. Nge2
Rb8 9. Qd2 b5 10. a3 b4 11. axb4 Rxb4 12. Nd1 Nd7 13. c3 Rb6 14. O-O Ba6 15. f4
e6 16. f5 Nce5 17. Nf4 gxf5 18. exf5 Qe7 19. Nf2 Nf6 20. g4 Bc8 21. g5 Ne8 22.
f6 Nxf6 23. gxf6 Bxf6 24. Nh5 Bh4 25. Ng4 Bb7 26. Ngf6+ Bxf6 27. Nxf6+ Kh8 28.
Rxa7 Rb8 29. Bxc5 Qc7 30. Qh6 Qxc5+ 31. d4 Nf3+ 32. Rxf3 1-0

[Event "CYCC U16"]
[Site "Regina CAN"]
[Date "2019.07.07"]
[Round "2.126"]
[White "Marshall, Carter"]
[Black "Wang, Elon"]
[Result "1/2-1/2"]
[WhiteElo "1561"]
[BlackElo "1703"]
[PlyCount "153"]
[EventDate "2019.07.07"]
[EventType "swiss"]
[EventRounds "7"]
[EventCountry "CAN"]

1. e4 d6 2. d4 Nf6 3. Nd2 g6 4. Bc4 Bg7 5. Ngf3 O-O 6. c3 Nxe4 7. Nxe4 d5 8.
Bxd5 Qxd5 9. Ned2 Qe6+ 10. Qe2 Qxe2+ 11. Kxe2 b6 12. Re1 Ba6+ 13. Kd1 e6 14.
Ne5 Bb7 15. f3 Nc6 16. Ndc4 Rfd8 17. Nxc6 Bxc6 18. Bf4 Rac8 19. Bg5 f6 20. Bh4
g5 21. Bf2 Kf7 22. Kc2 Bd5 23. Ne3 Bb7 24. Rad1 Bf8 25. Rd2 c5 26. Ng4 h5 27.
Ne3 cxd4 28. Nd1 dxc3 29. Rxd8 Rxd8 30. Nxc3 Bb4 31. a3 Be7 32. Nb5 Rc8+ 33.
Kb1 a6 34. Nd4 Bd5 35. Ne2 b5 36. h4 g4 37. Nf4 gxf3 38. gxf3 Bxf3 39. Rxe6 Rc4
40. Bg3 Rxf4 41. Rxe7+ Kxe7 42. Bxf4 Ke6 43. Kc2 Kf5 44. Bd2 Ke4 45. Bh6 f5 46.
Kd2 Bg4 47. b4 Kf3 48. Ke1 f4 49. Kf1 Bh3+ 50. Kg1 Kg3 51. Bg5 f3 52. Be3 Kxh4
53. Kf2 Kg4 54. Bc5 Bg2 55. Bd6 h4 56. Bc7 Kf5 57. Bd8 h3 58. Bc7 Ke4 59. Bg3
Kd3 60. Bf4 Kc2 61. Kg1 Kb3 62. Bc1 Kc2 63. Bf4 Kb2 64. Bd2 Kxa3 65. Be1 f2+
66. Kxf2 Kb3 67. Kg1 Kc4 68. Kh2 Kd3 69. Bg3 a5 70. bxa5 b4 71. Be5 Kc4 72. a6
Kd5 73. Bf6 Ke6 74. Ba1 Kf5 75. a7 Kg4 76. Bb2 b3 77. Bc3 1/2-1/2

[Event "CYCC U16"]
[Site "Regina CAN"]
[Date "2019.07.07"]
[Round "2.127"]
[White "Mirabelli, Aidan"]
[Black "Bilodeau-Savaria, Carl-William"]
[Result "1-0"]
[WhiteElo "1663"]
[BlackElo "1366"]
[PlyCount "39"]
[EventDate "2019.07.07"]
[EventType "swiss"]
[EventRounds "7"]
[EventCountry "CAN"]

1. e4 c5 2. Nf3 e6 3. d4 cxd4 4. Nxd4 Nc6 5. Nc3 Nf6 6. Be2 Qb6 7. Nb3 Be7 8.
Be3 Qc7 9. f4 d6 10. Qd2 a6 11. O-O-O b5 12. a3 O-O 13. g4 Rd8 14. g5 Ne8 15.
h4 f5 16. exf5 exf5 17. Nd5 Qb7 18. Bf3 Bf8 19. Nb6 Bd7 20. Nxd7 1-0

[Event "CYCC U16"]
[Site "Regina CAN"]
[Date "2019.07.08"]
[Round "3.121"]
[White "Lin, Benjamin"]
[Black "Talukdar, Rohan"]
[Result "0-1"]
[WhiteElo "2053"]
[BlackElo "2454"]
[PlyCount "62"]
[EventDate "2019.07.07"]
[EventType "swiss"]
[EventRounds "7"]
[EventCountry "CAN"]

1. d4 Nf6 2. c4 g6 3. f3 d5 4. cxd5 Nxd5 5. e4 Nb6 6. Be3 Bg7 7. Nc3 O-O 8. Qd2
Nc6 9. d5 Ne5 10. f4 Nec4 11. Bxc4 Nxc4 12. Qe2 Nxe3 13. Qxe3 e6 14. Rd1 exd5
15. Rxd5 Qh4+ 16. Qg3 Qe7 17. Nge2 Be6 18. Rd3 Bc4 19. Re3 Rad8 20. b3 Bxe2 21.
Nxe2 Qb4+ 22. Kf2 Rd2 23. Kf3 Rfd8 24. h4 R8d3 25. Kg4 Qd6 26. Nc1 Qd7+ 27. f5
gxf5+ 28. exf5 Qd4+ 29. Qf4 Rxg2+ 30. Kh5 Qxf4 31. Re8+ Bf8 0-1

[Event "CYCC U16"]
[Site "Regina CAN"]
[Date "2019.07.08"]
[Round "3.122"]
[White "Surya, Benito"]
[Black "Vasic, Maxim"]
[Result "1-0"]
[WhiteElo "2110"]
[BlackElo "2086"]
[PlyCount "137"]
[EventDate "2019.07.07"]
[EventType "swiss"]
[EventRounds "7"]
[EventCountry "CAN"]

1. e4 e5 2. Nf3 Nc6 3. Bb5 a6 4. Bxc6 dxc6 5. Nc3 Bd6 6. d4 Bg4 7. dxe5 Bxf3 8.
Qxf3 Bxe5 9. Bf4 Qf6 10. Bxe5 Qxe5 11. O-O-O Nf6 12. Qg3 Qxg3 13. hxg3 Ke7 14.
Rd2 h6 15. Rhd1 Rhd8 16. Rxd8 Rxd8 17. Rxd8 Kxd8 18. Kd2 Ke7 19. f3 Nh5 20. Ne2
Nf6 21. Ke3 Nd7 22. f4 h5 23. Kf3 Nf6 24. Nc3 Ke6 25. Nd1 Nd7 26. g4 hxg4+ 27.
Kxg4 c5 28. Ne3 b5 29. b3 c6 30. Kf3 c4 31. bxc4 Nc5 32. Nf5 g6 33. Nd4+ Kd7
34. e5 Na4 35. Ne2 bxc4 36. Ke4 Nb6 37. Kd4 Nd5 38. c3 Kc7 39. g3 Kb6 40. Kxc4
Ne3+ 41. Kd3 Ng4 42. Kd4 Kb5 43. Ng1 Nh6 44. Ne2 Ng4 45. Nc1 Nh6 46. c4+ Kb6
47. Ne2 Nf5+ 48. Kc3 Kc5 49. a3 Ne3 50. Nc1 Nf5 51. g4 Ne3 52. Nd3+ Kb6 53. Nf2
Kc5 54. Ne4+ Kb6 55. Ng5 Nxg4 56. Nxf7 Kc5 57. Nh8 g5 58. fxg5 Nxe5 59. g6 Ng4
60. Nf7 Nf6 61. Nh6 Ne8 62. Nf5 Nf6 63. g7 Ng8 64. Kd3 a5 65. Kc3 Kb6 66. Kd4
a4 67. Ke4 Kc5 68. Kd3 Kb6 69. Kd4 1-0

[Event "CYCC U16"]
[Site "Regina CAN"]
[Date "2019.07.08"]
[Round "3.123"]
[White "Bu, Kevin (Yihuan)"]
[Black "Wei, Daniel"]
[Result "1-0"]
[WhiteElo "1983"]
[BlackElo "2015"]
[PlyCount "117"]
[EventDate "2019.07.07"]
[EventType "swiss"]
[EventRounds "7"]
[EventCountry "CAN"]

1. d4 d5 2. Bf4 Nf6 3. e3 c5 4. c3 Nc6 5. Nd2 e6 6. Ngf3 Bd6 7. Ne5 Qc7 8. Ndf3
Nd7 9. Bb5 O-O 10. Bxc6 bxc6 11. Qa4 f6 12. Nxd7 Qxd7 13. Bxd6 Qxd6 14. Qa3 a5
15. Qxc5 Qxc5 16. dxc5 a4 17. Nd4 Bd7 18. Kd2 e5 19. Nc2 Ra5 20. b4 axb3 21.
axb3 Rxc5 22. Ra7 Rf7 23. Na3 d4 24. exd4 Rd5 25. Nc2 exd4 26. cxd4 Bf5 27.
Ra8+ Rf8 28. Rxf8+ Kxf8 29. Rd1 c5 30. Kc3 Bxc2 31. Kxc2 cxd4 32. Kd3 Rd7 33.
Rd2 Ke7 34. Kc4 Rc7+ 35. Kxd4 Kd6 36. Rb2 Rc1 37. Kd3 h5 38. Ra2 Rb1 39. Kc4
Kc6 40. Kb4 Kb6 41. Re2 Rf1 42. f3 Rg1 43. Re6+ Kb7 44. Re7+ Kb6 45. Rxg7 f5
46. Rg6+ Kb7 47. Kb5 Rb1 48. b4 Rb2 49. Rg7+ Kb8 50. Rg5 h4 51. h3 Kb7 52. Rxf5
Rxg2 53. Rf7+ Kb8 54. Rh7 Rg5+ 55. Ka4 Rf5 56. Rxh4 Rxf3 57. Rh7 Rf1 58. h4
Ra1+ 59. Kb5 1-0

[Event "CYCC U16"]
[Site "Regina CAN"]
[Date "2019.07.08"]
[Round "3.124"]
[White "Marais, Francois Guillaume"]
[Black "Chen, Andrew"]
[Result "0-1"]
[WhiteElo "1357"]
[BlackElo "1915"]
[PlyCount "80"]
[EventDate "2019.07.07"]
[EventType "swiss"]
[EventRounds "7"]
[EventCountry "CAN"]

1. d4 Nf6 2. c4 e6 3. Nc3 Bb4 4. a3 Bxc3+ 5. bxc3 c5 6. Bg5 Qa5 7. Qd3 Ne4 8.
Bd2 Nxd2 9. Qxd2 O-O 10. Nf3 d6 11. e3 Nd7 12. Be2 f5 13. O-O Nf6 14. Bd3 Bd7
15. Qb2 Bc6 16. Nd2 Qc7 17. f3 Rf7 18. e4 fxe4 19. fxe4 Raf8 20. Rf3 Nh5 21.
Raf1 Nf4 22. Bc2 Ne2+ 23. Kh1 Qa5 24. Rxf7 Rxf7 25. Rxf7 Kxf7 26. d5 Be8 27.
Qxb7+ Kf8 28. dxe6 Qxc3 29. e7+ Kf7 30. Qd5+ Kxe7 31. Qd3 Qxd3 32. Bxd3 Bh5 33.
Nf3 Bxf3 34. gxf3 Nf4 35. Bc2 Kf6 36. e5+ Kxe5 37. Bxh7 g6 38. h4 Kf6 39. Bg8
Kg7 40. Bd5 Nxd5 0-1

[Event "CYCC U16"]
[Site "Regina CAN"]
[Date "2019.07.08"]
[Round "3.125"]
[White "Cheng, Richard"]
[Black "Li, Mengyang"]
[Result "1-0"]
[WhiteElo "1086"]
[BlackElo "896"]
[PlyCount "71"]
[EventDate "2019.07.07"]
[EventType "swiss"]
[EventRounds "7"]
[EventCountry "CAN"]

1. e4 c5 2. Nf3 Nc6 3. Bb5 a6 4. Bxc6 dxc6 5. d3 g6 6. Nc3 Bg7 7. Be3 Qb6 8.
Qc1 Nf6 9. O-O O-O 10. Na4 Qc7 11. Nxc5 Ng4 12. Bf4 e5 13. Bd2 b6 14. Nb3 Be6
15. h3 Nf6 16. Bh6 Rfe8 17. Bxg7 Kxg7 18. Qg5 Bxb3 19. axb3 h6 20. Qg3 Nh5 21.
Qg4 Qe7 22. Nh4 Kh7 23. g3 Ng7 24. f4 exf4 25. gxf4 Qc5+ 26. Rf2 Re6 27. Raf1
f5 28. Qg3 Rd8 29. Kh2 Rd4 30. b4 Rxb4 31. Rg1 Rxb2 32. Nxg6 Nh5 33. Qg2 fxe4
34. d4 Qf5 35. Ne5 e3 36. Qg8# 1-0

[Event "CYCC U16"]
[Site "Regina CAN"]
[Date "2019.07.08"]
[Round "3.126"]
[White "Wang, Elon"]
[Black "Mirabelli, Aidan"]
[Result "1-0"]
[WhiteElo "1703"]
[BlackElo "1663"]
[PlyCount "89"]
[EventDate "2019.07.07"]
[EventType "swiss"]
[EventRounds "7"]
[EventCountry "CAN"]

1. e4 c5 2. Nf3 Nf6 3. Nc3 d6 4. Bb5+ Bd7 5. Bxd7+ Nbxd7 6. O-O e6 7. d4 cxd4
8. Nxd4 Be7 9. f4 O-O 10. Be3 Nb6 11. f5 Nc4 12. Bc1 e5 13. Nde2 Qb6+ 14. Kh1
Rfe8 15. b3 Ne3 16. Bxe3 Qxe3 17. Rf3 Qc5 18. Ng3 Rac8 19. Rc1 Ng4 20. Qe2 Nf2+
21. Qxf2 Qxf2 22. Rxf2 Rxc3 23. Rf3 Rec8 24. Rxc3 Rxc3 25. Ne2 Re3 26. Ng3 Bg5
27. Rf1 Rc3 28. Rf2 Kf8 29. Re2 Be3 30. Nf1 Bd4 31. g4 b5 32. Ng3 a5 33. Kg2 a4
34. Rd2 Re3 35. Rd3 Ke7 36. Rxe3 Bxe3 37. Kf3 axb3 38. axb3 Bg1 39. Ne2 Bc5 40.
Nc3 b4 41. Nd5+ Kd7 42. g5 Kc6 43. h4 Kd7 44. h5 h6 45. f6 1-0

[Event "CYCC U16"]
[Site "Regina CAN"]
[Date "2019.07.08"]
[Round "3.127"]
[White "Chen, Jeffrey"]
[Black "Marshall, Carter"]
[Result "1/2-1/2"]
[WhiteElo "1603"]
[BlackElo "1561"]
[PlyCount "84"]
[EventDate "2019.07.07"]
[EventType "swiss"]
[EventRounds "7"]
[EventCountry "CAN"]

1. e4 c5 2. Nf3 d6 3. d4 cxd4 4. Nxd4 Nf6 5. Nc3 g6 6. Be3 Bg7 7. f3 O-O 8. Qd2
Nc6 9. O-O-O Nxd4 10. Bxd4 Bd7 11. g4 a6 12. h4 b5 13. h5 b4 14. Nd5 e5 15. Be3
Nxd5 16. Qxd5 Qf6 17. Be2 Bb5 18. g5 Qe6 19. Bxb5 axb5 20. hxg6 hxg6 21. Kb1
Ra6 22. Qxe6 fxe6 23. Bd2 Rxf3 24. Bxb4 Bf8 25. Rh4 Ra4 26. a3 Ra6 27. Rdh1 Bg7
28. Rd1 Bf8 29. b3 Rf4 30. Rdh1 Bg7 31. Kb2 Rc6 32. Bd2 Rf2 33. R1h2 Rxh2 34.
Rxh2 d5 35. Re2 d4 36. Ba5 Bf8 37. Bd8 Ra6 38. b4 Rc6 39. Kb3 Rc3+ 40. Kb2 Bg7
41. Rg2 Kf7 42. Rg4 Ke8 1/2-1/2

[Event "CYCC U16"]
[Site "Regina CAN"]
[Date "2019.07.08"]
[Round "4.121"]
[White "Talukdar, Rohan"]
[Black "Surya, Benito"]
[Result "1/2-1/2"]
[WhiteElo "2454"]
[BlackElo "2110"]
[PlyCount "79"]
[EventDate "2019.07.07"]
[EventType "swiss"]
[EventRounds "7"]
[EventCountry "CAN"]

1. e4 d5 2. exd5 Nf6 3. d4 Nxd5 4. c4 Nb6 5. Nc3 e5 6. Nf3 Bg4 7. Be2 Nc6 8. d5
Bxf3 9. gxf3 Nd4 10. Be3 Bc5 11. Qd3 Qh4 12. Bxd4 Bxd4 13. O-O-O Qxf2 14. Nb5
O-O 15. Nxd4 exd4 16. Rd2 Rad8 17. Qxh7+ Kxh7 18. Bd3+ g6 19. Rxf2 c6 20. dxc6
bxc6 21. f4 Rfe8 22. f5 Re3 23. fxg6+ fxg6 24. Kd2 Nd7 25. Bb1 Ne5 26. b3 Nf3+
27. Kd1 Rde8 28. Rhf1 Re1+ 29. Rxe1 Rxe1+ 30. Kc2 Ne5 31. Kb2 c5 32. Rd2 Nf3
33. Rg2 Ne5 34. Rd2 Kh6 35. Bd3 Nxd3+ 36. Rxd3 Re2+ 37. Ka3 Rxh2 38. b4 cxb4+
39. Kxb4 Rxa2 40. Rxd4 1/2-1/2

[Event "CYCC U16"]
[Site "Regina CAN"]
[Date "2019.07.08"]
[Round "4.122"]
[White "Vasic, Maxim"]
[Black "Bu, Kevin (Yihuan)"]
[Result "1-0"]
[WhiteElo "2086"]
[BlackElo "1983"]
[PlyCount "115"]
[EventDate "2019.07.07"]
[EventType "swiss"]
[EventRounds "7"]
[EventCountry "CAN"]

1. d4 d5 2. c4 e6 3. Nc3 Be7 4. Nf3 Nf6 5. Bg5 h6 6. Bh4 O-O 7. e3 Ne4 8. Bxe7
Qxe7 9. Rc1 c6 10. Be2 Nd7 11. O-O f5 12. Qc2 g5 13. Nd2 Ndf6 14. f3 Nxd2 15.
Qxd2 Rd8 16. e4 dxe4 17. fxe4 c5 18. d5 fxe4 19. Qe3 exd5 20. cxd5 Kg7 21. Kh1
Nxd5 22. Nxd5 Rxd5 23. Bc4 Rf5 24. g4 Rxf1+ 25. Rxf1 Bxg4 26. Rf7+ Qxf7 27.
Bxf7 Bf3+ 28. Kg1 Kxf7 29. Qb3+ Kf6 30. Qxb7 Rd8 31. Qc6+ Kf7 32. Qc7+ Ke8 33.
Qe5+ Kf7 34. Qc3 Rd1+ 35. Kf2 Ke6 36. Qb3+ Rd5 37. Qc4 Ke5 38. Qc3+ Ke6 39. Kg3
h5 40. h4 g4 41. Qg7 Re5 42. Qg8+ Kd6 43. Kf4 Re7 44. Ke3 Re5 45. Qb8+ Ke6 46.
Qc8+ Kd6 47. Qa6+ Kd5 48. Qxa7 g3 49. Qd7+ Kc4 50. Qb7 Bd1 51. b3+ Kc3 52. Qg7
Kc2 53. Qxe5 g2 54. Qxc5+ Kb2 55. Kd2 e3+ 56. Qxe3 Bxb3 57. Qxb3+ Ka1 58. Kc3
1-0

[Event "CYCC U16"]
[Site "Regina CAN"]
[Date "2019.07.08"]
[Round "4.123"]
[White "Chen, Andrew"]
[Black "Lin, Benjamin"]
[Result "1/2-1/2"]
[WhiteElo "1915"]
[BlackElo "2053"]
[PlyCount "84"]
[EventDate "2019.07.07"]
[EventType "swiss"]
[EventRounds "7"]
[EventCountry "CAN"]

1. e4 c5 2. Nc3 e6 3. g3 Nc6 4. Bg2 a6 5. d3 b5 6. f4 Bb7 7. Be3 Be7 8. Nh3 h5
9. O-O Nf6 10. Nf2 d5 11. Ne2 d4 12. Bd2 e5 13. h3 Nd7 14. Kh1 g5 15. fxg5 Bxg5
16. h4 Be7 17. Nh3 Nf6 18. Ng5 Bc8 19. Ng1 Rf8 20. N1f3 Ng4 21. Nh2 f6 22. Nh3
Rh8 23. Nxg4 Bxg4 24. Qc1 Qd7 25. Kh2 Rc8 26. Ng1 Nd8 27. Bh3 Nf7 28. Bxg4 hxg4
29. Rf2 c4 30. Qf1 Qe6 31. a3 Rc6 32. Bb4 Kd7 33. c3 Bd8 34. a4 Bb6 35. Rd2 Nd6
36. Bxd6 Rxd6 37. Ne2 Rh5 38. axb5 axb5 39. cxd4 Bxd4 40. Nxd4 Rxd4 41. Qe2 Ke7
42. Ra7+ Kf8 1/2-1/2